000 00660cam a22002173a 4500
001 38953
003 PGUSA
005 20140828083848.0
008 120224s2012||||xxu|||||s|||||000 | eng d
040 _aPGUSA
_beng
042 _adc
100 1 _aPollen, J. H.
245 1 0 _aBritish Manufacturing Industries :
_bPottery, Glass and Silicates, Furniture and Woodwork.
_h[electronic resource] /
_cJ. H. Pollen
260 _bProject Gutenberg,
_c2012
506 _aPublic domain in the USA.
516 _aElectronic text
700 1 _aBevan, G. Phillips
830 0 _aProject Gutenberg
_v38953
856 4 0 _uhttp://www.gutenberg.org/ebooks/38953
942 _cEB
999 _c268206
_d268206